| 000 | 00461nam a2200157 4500 | ||
|---|---|---|---|
| 001 | 109474 | ||
| 003 | ES-MaACL | ||
| 005 | 20230906184841.0 | ||
| 007 | t| | ||
| 008 | 061121s1956 sp r ||||1| spa d | ||
| 100 | 1 |
_aMulet, Antonio. _984102 |
|
| 245 | 1 | 3 |
_aEl baile popular en Mallorca / _cAntonio Mulet. |
| 260 |
_aPalma de Mallorca : _b[s.n.], _c1956 ( _fImp. Mosén Alcover) |
||
| 300 |
_a108 p., 41 lám ; _c22 cm. |
||
| 852 |
_aES-MaACL _jC-11836 _bR.39876 |
||
| 999 |
_c109474 _d109474 |
||